Szczegóły MARC21

Szczecin jako ośrodek myśli ekonomicznej transportu - dorobek 75-lecia /

003 -Nazwa inst., której nr kontr. jest w polu 001 [,]
    • @
    • Nazwa instytucji, której n kontrolny jest w polu 001
    • NUKAT
005 -DATA I CZAS OSTATNIEJ MODYFIKACJI [,]
    • @
    • pole kontrolne
    • 20260401190737.0
020 -Międzynarod. znormalizowany nr książki - ISBN [ , ]
    • a
    • Numer ISBN
    • 9788379725717 Find
040 -Instytucja sporządzająca opis [ , ]
    • a
    • Instytucja, która sporządziła opis (NP)
    • SZCZ U/MC
    • b
    • Język katalogowania
    • pol
    • e
    • Zasady katalogowania
    • rda
    • c
    • Instytucja, która sporządziła rekord (NP)
    • SZCZ U/MCs
942 -Rodzaj dokumentu [ , ]
    • c
    • Rodzaj dokumentu
    • Książka
245 -Strefa tytułu i oznaczenia odpowiedzialności [0,0]
    • a
    • Tytuł
    • Szczecin jako ośrodek myśli ekonomicznej transportu - dorobek 75-lecia / Find
    • c
    • Pozostałe elementy strefy tytułu i oznaczenia odpowiedzialności (NP)
    • redakcja naukowa Tomasz Kwarciński, Zuzanna Kłos-Adamkiewicz ; Uniwersytet Szczeciński.
250 -Strefa wydania [ , ]
    • a
    • Oznaczenie wydania (NP)
    • Wydanie I.
260 -Strefa adresu wydawniczego [ , ]
    • a
    • Miejsce wydania (P)
    • Szczecin :
    • b
    • Nazwa wydawcy (P)
    • Wydawnictwo Naukowe Uniwersytetu Szczecińskiego,
    • c
    • Data wydania (P)
    • 2022.
300 -Strefa opisu fizycznego [ , ]
    • a
    • Określenie formy książki i/lub objętość (NP)
    • 154 strony :
    • b
    • Oznaczenie ilustracji (NP)
    • ilustracje ;
    • c
    • Format (NP)
    • 24 cm.
336 -Typ zawartości [ , ]
    • a
    • Termin opisujący typ zawartości
    • Tekst
    • b
    • Kod określający zawartość
    • txt
    • 2
    • Źródło (terminu i kodu)
    • rdacontent
337 -Typ mediów [ , ]
    • a
    • Tryb odtwarzania
    • Bez urządzenia pośredniczącego
    • b
    • Kod typu mediów
    • n
    • 2
    • Źródło (terminu i kodu)
    • rdamedia
338 -Typ/rodzaj nośnika [ , ]
    • a
    • Hasło opisujące typ nośnika
    • Wolumin
    • b
    • Kod typu nośnika
    • nc
    • 2
    • Źródło (terminu i kodu)
    • rdacarrier
380 -Deskryptor - Forma dzieła (P) [ , ]
    • a
    • forma dzieła (NP)
    • Książki
380 -Deskryptor - Forma dzieła (P) [ , ]
    • a
    • forma dzieła (NP)
    • Publikacje naukowe
388 -Deskryptor - czas powstania dzieła (P) [1, ]
    • a
    • Czas powstania dzieła (NP)
    • 2001-
504 -Uwaga dot. bibliogr. załącznikowej [ , ]
    • a
    • Uwaga dot. bibliografii załącznikowej
    • Bibliografia na stronach [145]-151.
536 -Uwaga dot. finansowania książki [ , ]
    • a
    • Tekst uwagi
    • Projekt finansowany w ramach programu Ministra Nauki i Szkolnictwa Wyższego pod nazwą "Regionalna Inicjatywa Doskonałości" w latach 2019-2022
    • d
    • Numer programu, zadania, pracy
    • nr projektu 001/RID/2018/19
648 -Hasło przedmiotowe - chronologia [ ,7]
    • a
    • Deskryptor chronologiczny
    • 1901-2000
    • 2
    • Źródło terminu
    • DBN
    • 9
    • KHW
    • 721448
648 -Hasło przedmiotowe - chronologia [ ,7]
    • a
    • Deskryptor chronologiczny
    • 1945-1989
    • 2
    • Źródło terminu
    • DBN
    • 9
    • KHW
    • 721450
648 -Hasło przedmiotowe - chronologia [ ,7]
    • a
    • Deskryptor chronologiczny
    • 1989-2000
    • 2
    • Źródło terminu
    • DBN
    • 9
    • KHW
    • 721451
648 -Hasło przedmiotowe - chronologia [ ,7]
    • a
    • Deskryptor chronologiczny
    • 2001-
    • 2
    • Źródło terminu
    • DBN
    • 9
    • KHW
    • 721449
650 -Hasło przedmiotowe [ ,7]
    • a
    • Hasło przedmiotowe
    • Badania naukowe
    • 2
    • Źródło terminu
    • DBN
    • 9
    • KHW
    • 722389
650 -Hasło przedmiotowe [ ,7]
    • a
    • Hasło przedmiotowe
    • Ekonomika transportu
    • 2
    • Źródło terminu
    • DBN
    • 9
    • KHW
    • 725473
650 -Hasło przedmiotowe [ ,7]
    • a
    • Hasło przedmiotowe
    • Pracownicy naukowi i pracownice naukowe
    • 2
    • Źródło terminu
    • DBN
    • 9
    • KHW
    • 721699
650 -Hasło przedmiotowe [ ,7]
    • a
    • Hasło przedmiotowe
    • Transport
    • x
    • Określnik rzeczowy
    • aspekt ekonomiczny
    • z
    • Określnik geograficzny
    • Polska
    • v
    • Określnik formalny
    • podręczniki akademickie.
    • 2
    • Źródło terminu
    • kaba
    • 9
    • KHW
    • 665025
651 -Hasło przedmiotowe w formie nazwy geograficznej [ ,7]
    • a
    • Nazwa geograficzna
    • Szczecin (woj. zachodniopomorskie)
    • 2
    • Źródło terminu
    • DBN
    • 9
    • KHW
    • 721822
655 -Hasło w funkcji tematu formalnego [ ,7]
    • a
    • Hasło
    • Praca zbiorowa
    • 2
    • Źródło terminu
    • DBN
    • 9
    • KHW
    • 721444
655 -Hasło w funkcji tematu formalnego [ ,7]
    • a
    • Hasło
    • Publikacja okolicznościowa
    • 2
    • Źródło terminu
    • DBN
    • 9
    • KHW
    • 728189
658 -Ujęcie treści [ , ]
    • a
    • dziedzina nauki i sztuki/ sfera aktywności życiowej
    • Gospodarka, ekonomia, finanse
658 -Ujęcie treści [ , ]
    • a
    • dziedzina nauki i sztuki/ sfera aktywności życiowej
    • Historia
658 -Ujęcie treści [ , ]
    • a
    • dziedzina nauki i sztuki/ sfera aktywności życiowej
    • Nauka i badania
658 -Ujęcie treści [ , ]
    • a
    • dziedzina nauki i sztuki/ sfera aktywności życiowej
    • Transport i logistyka
700 -Hasło dodatkowe - nazwa osobowa [1, ]
    • a
    • Nazwa osobowa (NP)
    • Kwarciński, Tomasz. Find
    • e
    • Określenie rodzaju współpracy
    • Redakcja
    • 9
    • KHW
    • 18818
700 -Hasło dodatkowe - nazwa osobowa [1, ]
    • a
    • Nazwa osobowa (NP)
    • Kłos-Adamkiewicz, Zuzanna. Find
    • e
    • Określenie rodzaju współpracy
    • Redakcja
    • 9
    • KHW
    • 442876
710 -Hasło dodatkowe - nazwa ciała zbiorowego [2, ]
    • a
    • Nazwa ciała zbiorowego lub nazwa geograficzna jako pierwszy element (NP)
    • Uniwersytet Szczeciński.
    • e
    • Rodzaj współpracy
    • Instytucja sprawcza
    • 9
    • KHW
    • 9119
710 -Hasło dodatkowe - nazwa ciała zbiorowego [2, ]
    • a
    • Nazwa ciała zbiorowego lub nazwa geograficzna jako pierwszy element (NP)
    • Uniwersytet Szczeciński.
    • b
    • Nazwa jednostki podrzędnej (P)
    • Wydawnictwo Naukowe.
    • e
    • Rodzaj współpracy
    • Wydawca
    • 4
    • Kod relacji
    • pbl
    • 9
    • KHW
    • 51208
920 -ISBN [ , ]
    • a
    • ISBN
    • 978-83-7972-571-7 Find
Sygnatura Numer inwentarzowy Status udost. Lokalizacja Data inwentaryzacji
 S.98731-2BE2024-04-09
 Z.1262401BG2023-01-23
T.21593T.21593-2T2023-01-23
TM.16298TM.16298-3T2024-04-09
TM.16299TM.16299-3T2024-04-09